000 00974cam a2200265 a 4500
001 11922309
005 20180309042818.0
008 000225m20002001nyua b 001 0 eng
010 _a 00027456
_z 00059652
020 _a0306462427 (hardbound : pt. A)
020 _a0306462435 (pbk. : pt. A)
020 _a0306462443 (hardbound : pt. B)
020 _a0306462451 (pbk. : pt. B)
040 _aDLC
_cDLC
_dDLC
041 _aeng
080 _a547
082 0 0 _a547 CAR
_221
100 1 _a12
101 _aKIM
245 1 0 _aAdvanced organic chemistry /
_cFrank A. Carey and Richard J. Sundberg.
504 _aIncludes bibliographical references and indexes.
906 _a7
_bcbc
_corignew
_d1
_eocip
_f20
_gy-gencatlg
942 _2ddc
_cBK
999 _c44557
_d44557